000 00590nam a22002057a 4500
005 20250804114054.0
008 170704b xxu||||| |||| 00| 0 eng d
020 _a9780205293292
020 _a0205293298
050 _aBF121
_b.W65 1999
100 _aWood, Samuel E
245 _aThe world of psychology /
250 _a3rd ed
260 _aBoston :
_bAllyn and Bacon,
_c1999
300 _axxv, 726 p. :
_bill. (chiefly col.) ;
_c28 cm
500 _aIncludes bibliographical references and indexes
650 _aPsychology
700 _aWood, Ellen R. Green
942 _2lcc
_cBK
999 _c50951
_d50951